00530nam a22001577a 450000500170000001000150001702000260003203500140005803700140007208200110008610000230009724501320012026000410025227000530029330000260034620180820145829.0 aENG-123740 a9788170263067c995.00 aEN-107272 bDBAD/PUB. a954.61 aHamilton, Farancis aAn account of the kingdom of nepal:cby Farancis Hamiltonband of the territories annexed to this dominion by house of gorkha / aNew DelhibHeritage Publishersc2018 a19-A, Ansari Road, Daryaganj,bNew Delhie110002v a314p.c21cm(Hb)bill.